The Silmarillion: Who Fell in A Kinslaying? - Statistics

General Stats
  • This quiz has been taken 26 times
  • The average score is 7 of 10
Answers on the Grid
Answers color-coded by a green-red scale on the quiz's grid according to % correct below.
Celegorm
Beleg Cuthalion
Curufin
Legolas
Caranthir
Amrod
Maglor
Turin Turambar
Amras
Maedhros
Feanor
Dior Eluchil
Elu Thingol
Miriel Serinde
Finwe
Olwë
Nimloth
Earendil
Elured
Fingolfin
Finrod Felagund
Elurin
Turgon
Idril Celebrindal
 
Answer Stats
Answer % Correct
Caranthir
95%
Celegorm
95%
Amras
89%
Amrod
79%
Curufin
79%
Dior Eluchil
74%
Elured
68%
Elurin
58%
Nimloth
42%
Olwë
32%
No matching quizzes found
Score Distribution
Percent of People with Each Score
Percentile by Number Answered
Your Score History
You have not taken this quiz